banner-ar

كتاب الابدال والمعاقبة والنظائر / (Record no. 66741)

MARC details
000 -الفاتح
حقل البيانات ثابتة الطول 00935nam a2200217Ia 4500
005 - وقت وتاريخ اخر تعامل مع التسجيلة
رقم الضبط 20240530110936.0
008 - عناصر البيانات ثابتة الطول - معلومات عامة
حقل البيانات ثابتة الطول 140319s1993 xx 000 0 ara d
040 ## - مصدر الفهرسة
وكالة الفهرسة الأصلية GCL /
وكالة النسخ GCL
082 04 - رقم تصنيف ديوى العشرى
رقم التصنيف 412 /
رقم المادة ز ك
100 1# - المدخل الرئيسى - إسم شخصى
الإسم الشخصى الامام ابى القاسم عبدالرحمن بن اسحاق الزجاجى
245 10 - بيان العنوان
العنوان كتاب الابدال والمعاقبة والنظائر /
بيان المسئوليه,etc تاليف الامام ابى القاسم عبدالرحمن بن اسحاق الزجاجى ؛ محقق عز الدين التنوخى
250 ## - بيان الطبعة
بيان الطبعة الثانية
260 ## - PUBLICATION, DISTRIBUTION, ETC. (IMPRINT)
تاريخ النشر أو التوزيع 1993
260 ## - PUBLICATION, DISTRIBUTION, ETC. (IMPRINT)
تاريخ النشر أو التوزيع 1993
300 ## - الوصف المادى
التعداد 126 ص ؛
تفاصيل ماديه اخرى للوعاء 24 سم
650 04 - المدخل الاضافى بالموضوع-مصطلح موضوعى
مصطلح موضوعي اللغة العربية
650 04 - المدخل الاضافى بالموضوع-مصطلح موضوعى
مصطلح موضوعي النظائر
700 ## - المدخل الاضافى - اسم شخصى
الإسم الشخصى عز الدين التنوخى
الدور محقق
942 ## - عناصر المدخل الإضافي( كوها)
مصدر التصنيف او مخطط الترفيف Dewey Decimal Classification
Koha [default] item type كتاب
260 ## - PUBLICATION, DISTRIBUTION, ETC. (IMPRINT)
-- بيروت :
-- دار صادر ،
260 ## - PUBLICATION, DISTRIBUTION, ETC. (IMPRINT)
-- دمشق :
-- مطبوعات مجمع اللغة العربية ،
Holdings
حالة التراجع حالة الفقد حالة تلف ليس للاعارة المكان المؤقت الموقع الحالى موقع الترفيف تاريخ الاكتساب اجمالي اﻻعارات رقم الطلب الباركود تاريخ اخر مشاهدة تاريخ تفعيل السعر نوع وعاء كوها
        مكتبة القاهرة الكبرى مكتبة القاهرة الكبرى   10/13/2022   412 / ز ك 168573 10/13/2022 10/13/2022 كتاب
        مكتبة القاهرة الكبرى مكتبة القاهرة الكبرى   10/13/2022   412 / ز ك 168574 10/13/2022 10/13/2022 كتاب

Powered By

EGPV